Dogs Celebrating Holidays Quiz Stats

 Plays Quiz not verified by Sporcle

Score 0/16 Timer 05:00
3 Plays Today
Answer % Correct
Christmas
97.3%
Halloween
96.2%
Easter
96%
Thanksgiving
94.9%
US Independence Day
90.6%
New Year
88.8%
Earth Day
84%
Hanukkah
79.8%
Answer % Correct
Bastille Day
79.3%
Pi Day
78.1%
Mardi Gras
76.2%
Cinco de Mayo
72.4%
Talk Like a Pirate Day
70.6%
Remembrance Day
56.5%
Chinese New Year
39.1%
Diwali
35.6%

You're not logged in!

Compare scores with friends on all Sporcle quizzes.
OR
Log In

Show Comments

Extras

Top Quizzes Today


Score Distribution

Your Account Isn't Verified!

In order to create a playlist on Sporcle, you need to verify the email address you used during registration. Go to your Sporcle Settings to finish the process.

Report this User

Report this user for behavior that violates our Community Guidelines.

Details: